Riconosci il Pokémon - Quiz n°691 - Statistics

Statistiche generali
  • Questo quiz è stato fatto 0 volte
  • Il punteggio medio è 0 su 10
Statistiche sulle risposte
Indizio Riposta % Corretto
Peso 40,0 kg: ???,? (Gigamax)
0%
Tasso di cattura 45 (11.9%)
0%
Sesso 50% ♂, 50% ♀
0%
Tipo Acciaio / Drago
0%
Altezza 1,8 m; > 43,0 m (Gigamax)
0%
Pokémon Duraludon
0%
Stadio evoluzione Forma Base
0%
Tasso di allevamento Medio-Veloce
0%
Abilità Metalleggero; Metalpesante; Volontà di Ferro
0%
Generazione Ottava
0%
Nessun quiz corrispondente trovato
Distribuzione punteggi
Percentuale di utenti per punteggio
Percentile per numero di risposta
I tuoi punteggi nel tempo
Non hai fatto questo quiz